Dynamic trust evaluation framework for cloud federation (Record no. 13164)
[ view plain ]
| 000 -LEADER | |
|---|---|
| fixed length control field | 00469nam a22001337a 4500 |
| 082 ## - DEWEY DECIMAL CLASSIFICATION NUMBER | |
| Classification number | MSCCS-5 |
| 100 ## - MAIN ENTRY--PERSONAL NAME | |
| Personal name | Fowz Masood |
| 9 (RLIN) | 100727 |
| 245 ## - TITLE STATEMENT | |
| Title | Dynamic trust evaluation framework for cloud federation |
| 260 ## - PUBLICATION, DISTRIBUTION, ETC. | |
| Place of publication, distribution, etc. | Islamabad |
| Name of publisher, distributor, etc. | NUST-SEECS |
| Date of publication, distribution, etc. | 2015 |
| 300 ## - PHYSICAL DESCRIPTION | |
| Extent | 91p.: |
| Other physical details | 27cm.+ |
| Accompanying material | CD-ROM |
| 500 ## - GENERAL NOTE | |
| General note | Supervisors: Dr. Muhammad Awais Shibl Dr. Abdul Ghafoor Miss Hirra Anwar Miss Rahat Masood |
| 856 ## - ELECTRONIC LOCATION AND ACCESS | |
| Uniform Resource Identifier | <a href="http://10.250.8.41:8080/xmlui/handle/123456789/6655">http://10.250.8.41:8080/xmlui/handle/123456789/6655</a> |
| 942 ## - ADDED ENTRY ELEMENTS (KOHA) | |
| Koha item type | Project Report |
| Source of classification or shelving scheme | |
| Withdrawn status | Lost status | Damaged status | Not for loan | Collection code | Permanent Location | Current Location | Shelving location | Date acquired | Total Checkouts | Full call number | Barcode | Date last seen | Price effective from | Koha item type | Source of classification or shelving scheme |
|---|---|---|---|---|---|---|---|---|---|---|---|---|---|---|---|
| Central Library (CL) | Central Library (CL) | General Stacks | 04/21/2015 | MSCCS-5 FOW | SEECSP01625 | 04/19/2015 | 04/19/2015 | Project Report | |||||||
| Central Library (CL) | Central Library (CL) | Thesis | 10/04/2019 | 005 | CL-T-3724 | 10/04/2019 | 10/04/2019 | Thesis |
